HOLAND & BREWS MANUAL OF OBSTETRICS (Record no. 15172)

MARC details
000 -LEADER
fixed length control field 00298nam a22001337a 4500
003 - CONTROL NUMBER IDENTIFIER
control field SGT
082 ## - DEWEY DECIMAL CLASSIFICATION NUMBER
Classification number 610.73678
Item number H16D
100 ## - MAIN ENTRY--PERSONAL NAME
Personal name DAFTARY, SHIRISH N.
245 ## - TITLE STATEMENT
Title HOLAND & BREWS MANUAL OF OBSTETRICS
250 ## - EDITION STATEMENT
Edition statement 4TH
260 ## - PUBLICATION, DISTRIBUTION, ETC. (IMPRINT)
Place of publication, distribution, etc INDIA
Name of publisher, distributor, etc ELSEVIER
Year of Publication 2016
300 ## - PAGE DESCRIPTION
No. of Pages 673
942 ## - ADDED ENTRY ELEMENTS (KOHA)
Source of classification or shelving scheme Dewey Decimal Classification
Koha item type Books
Holdings
Withdrawn status Lost status Source of classification or shelving scheme Damaged status Not for loan Collection code Home library Current library Shelving location Date acquired Vendor Name Cost, normal purchase price SGTU Bill Number Total Checkouts Full call number Accession No. (Barcode) Date last seen Date last borrowed Bill Date Koha item type
    Dewey Decimal Classification     NURSING SGT Medical Library SGT Medical Library Text Book 08/02/2018 ABC 845.00 SGTU 7429 5 610.73678 H16D FN3666 03/04/2026 19/03/2026 04/11/2016 Books
    Dewey Decimal Classification     NURSING SGT Medical Library SGT Medical Library Text Book 08/02/2018 ABC 845.00 SGTU 7429 1 610.73678 H16D FN3667 26/06/2018 26/06/2018 04/11/2016 Books
    Dewey Decimal Classification     NURSING SGT Medical Library SGT Medical Library Text Book 08/02/2018 ABC 845.00 SGTU 7429 1 610.73678 H16D FN3668 15/10/2018 01/10/2018 04/11/2016 Books
    Dewey Decimal Classification     NURSING SGT Medical Library SGT Medical Library Text Book 08/02/2018 ABC 845.00 SGTU 7429   610.73678 H16D FN3669 08/02/2018   04/11/2016 Books
    Dewey Decimal Classification     NURSING SGT Medical Library SGT Medical Library Text Book 08/02/2018 ABC 845.00 SGTU 7429 2 610.73678 H16D FN3670 15/02/2020 01/02/2020 04/11/2016 Books